000 01146nam0a22002891 4500
001 rc\3018159
005 20250809113300.0
035 _a(NLR Aleph) 007160380
090 _a20555
_c20555
100 _a20110926d1945 u y0rusy50 ca
101 0 _arus
102 _aAZ
105 _ay z |||||
200 1 _aИнструкция по уходу за глинистым раствором
_fАзнефть. Азерб. науч.-исслед. ин-т по добыче нефти
210 _aБаку
_cАзнефтеиздат
_d1945
_gтип. "Кр. Восток"
215 _a18 с.
_d12 см
300 _aБез обл.
712 0 2 _a"Азнефть", трест
_cБаку
_3RU\NLR\AUTH\8810005779
_4570
712 0 2 _aАзербайджанский НИИ по добыче нефти
_cБаку
_3RU\NLR\AUTH\8810017921
_4570
801 0 _aRU
_bNLR
_gpsbo
801 1 _aRU
_bELAR
_2rusmarc
852 _aNLR
_jТ26 Г-0/8
942 _cBOOK
945 _aРоссийская национальная библиотека
_aНациональная библиотека Азербайджана
980 _aNB
980 _aBV